[Event "Regionalliga NW 0506"]
[Site "Bayern"]
[Date "2006.04.02"]
[Round "9.6"]
[White "Scheiger, Gerhard"]
[Black "Lechleitner, Walter"]
[Result "0-1"]
[WhiteElo "1769"]
[BlackElo "1953"]
[PlyCount "54"]
[EventDate "2005.10.23"]
[EventType "team-tourn"]
[EventRounds "9"]
[EventCountry "GER"]
[SourceTitle "EXT 2007"]
[Source "ChessBase"]
[SourceDate "2006.11.23"]
[SourceVersion "1"]
[SourceVersionDate "2006.11.23"]
[SourceQuality "1"]

1. d4 e6 2. c4 Nf6 3. Nc3 Bb4 4. Nf3 c5 5. e3 0-0 6. Bd3 Nc6 7. 0-0 d5 8. Ne2 dxc4 9. Bxc4 cxd4 10. Nexd4 Qc7 11. Nb5 Qa5 12. Qe2 e5 13. Bd2 Bg4 14. Bxb4 Qxb4 15. a3 Qe7 16. h3 Bh5 17. g4 Nxg4 18. Qc2 Nf6 19. Nh4 e4 20. Nc3 Ne5 21. Be2 Bxe2 22. Qxe2 g5 23. f4 gxh4 24. fxe5 Qxe5 25. Rf4 Kh8 26. Raf1 Rg8+ 27. Kh1 Nh5 0-1